00932nam a2200217Ia 4500003000900000008004100009040001600050080002200066111011600088245020000204260003900404300001400443490001500457650004100472650002500513700002800538700002700566942000700593999001500600952009900615IN-BaIIA211028s9999 xx 000 0 eng d cIIA Library a535.417(063)bESO aInternational Workshop on the Atmospheres of Saturn and TitancCargese, Corsica, Franced1984 Oct. 23-25915538 0aKilometric optical arrays in spacebproceedings of the colloquium on kilometric optical arrays in space, held in Cargese, Corsica, France, 23-25 October, 1984cedited by N. Longdon and O. Melita aParisbEuropean Space Agencyc1985 avi, 194p. aESA SP-226 aAstronomy and astrophysics thesaurus aInterferometry93249 aLongdon, N., ed.915539 aMelita, O., ed.915540 cBK c9249d9249 00104070aBANbBANcGENd0000-00-00l0o535.417(063)/ ESOp10156r2021-11-05w0000-00-00yBK